Mezinárodní politika

Salvato in:
Dettagli Bibliografici
Natura: Periodico
Lingua:ceco
Pubblicazione: Praha ORBIS 1992
Soggetti:
Tags: Aggiungi Tag
Nessun Tag, puoi essere il primo ad aggiungerne!!

MARC

LEADER 00000nas2a2200000 4500
001 s016378
005 20180117152327.6
022 |a 0543-7962 
041 0 |a cze 
044 |a CZ 
245 1 0 |a Mezinárodní politika 
264 1 |a Praha  |b ORBIS  |c 1992 
300 |a 1 zv. 
773 0 |w eu_un_cat*s120058 
610 2 0 |a politika medzinárodná 
610 2 0 |a politika svetová 
610 2 0 |a politika zahraničná